| 000 | 00508cam a2200193ua 4500 | ||
|---|---|---|---|
| 001 | 4062 | ||
| 008 | 111219n ii |||gr||||Z||||||asm | ||
| 020 | _a978-81-86307-29-8 | ||
| 040 | _cMAIN | ||
| 082 | _a290 | ||
| 100 |
_aNath, D., _eEditor., |
||
| 245 | 1 | 1 |
_aReligion and society in north east india _ced. by D. Nath |
| 250 | _a1st. | ||
| 260 |
_aGuwahati: _bDVS Publication, _c2011. |
||
| 300 |
_a381p: _c23cm. |
||
| 653 | _aSociology | ||
| 653 | _aReligion and society in north east india | ||
| 942 | _cBK | ||
| 999 |
_c3884 _d3884 |
||